| 000 | 00667nam a22002297a 4500 | ||
|---|---|---|---|
| 003 | UA-OsUOA | ||
| 001 | 86493 | ||
| 007 | ta | ||
| 008 | 20120904b un ||||| |||| 00| 0 ukr d | ||
| 100 | _aЧервоненко С. | ||
| 090 |
_a94(477).06 _bЧ-45 |
||
| 942 | _cBK | ||
| 040 |
_aUA-OsUOA _bukr _cUA-OsUOA _dUA-OsUOA |
||
| 245 | _aУкраїна до Жовтневої революції і в роки Радянської влади | ||
| 300 | _a114 с. | ||
| 955 | _a5 | ||
| 041 | _aukr | ||
| 080 | _a94(477).06 | ||
| 260 |
_aК. _bПолітвидав _c1951 |
||
| 650 | 7 |
_a9 Географія. Біографії. Історія _2UDC |
|
| 999 |
_c373307 _d373307 |
||